[Event "N�_LL 2007_08"]
[Site "CSCG"]
[Date "2007.12.16"]
[Round "7"]
[White "Gr�tz, Harald"]
[Black "R�hrl, Karl"]
[Result "1-0"]
[WhiteElo "2321"]
[BlackElo "2221"]
[Annotator "Stockerau : St.P�lten"]
[PlyCount "89"]
[EventDate "2007.??.??"]

1. e4 c5 2. Nf3 d6 3. d4 cxd4 4. Nxd4 Nf6 5. Nc3 a6 6. Bc4 e6 7. O-O Qc7 8. Bb3
Nc6 9. Be3 Na5 10. f4 Be7 11. f5 Nxb3 12. cxb3 Bd7 13. Rc1 Qd8 14. fxe6 fxe6
15. b4 e5 16. Nf5 O-O 17. Nd5 Nxd5 18. Qxd5+ Kh8 19. Nxe7 Qxe7 20. Rxf8+ Qxf8
21. Qxb7 Bb5 22. Qd5 h6 23. h3 Rd8 24. Rd1 Rd7 25. b3 Qc8 26. a4 Be2 27. Re1
Bh5 28. Rc1 Rc7 29. Rxc7 Qxc7 30. Qa8+ Kh7 31. Qxa6 Qc3 32. Bf2 Qxb3 33. Qxd6
Qxa4 34. Qxe5 Bg6 35. Bd4 Qd7 36. b5 Qb7 37. Kf2 Bxe4 38. g4 Bd3 39. b6 Qf7+
40. Ke3 Ba6 41. Qe4+ Qg6 42. h4 h5 43. gxh5 Qxe4+ 44. Kxe4 Kh6 45. Be3+ 1-0

[Event "N�_LL 2007_08"]
[Site "CSCG"]
[Date "2007.12.16"]
[Round "7"]
[White "Schmid, Thomas"]
[Black "Kammerer, Roman"]
[Result "0-1"]
[WhiteElo "2201"]
[BlackElo "2019"]
[Annotator "Stockerau : St.P�lten"]
[PlyCount "61"]
[EventDate "2007.??.??"]

1. e4 c5 2. Nf3 Nc6 3. Bb5 g6 4. Bxc6 dxc6 5. d3 Bg7 6. h3 Nf6 7. Nc3 O-O 8.
Be3 b6 9. Qd2 Re8 10. Bh6 Bh8 11. Ng5 Qc7 12. g4 a5 13. f4 a4 14. O-O-O b5 15.
e5 b4 16. Nce4 Nd5 17. Nxc5 a3 18. b3 Nc3 19. Nge4 Nxd1 20. Rxd1 Qb6 21. d4 f5
22. gxf5 Bxf5 23. Qg2 Rad8 24. h4 Bg7 25. Bxg7 Kxg7 26. h5 Qa7 27. Ng5 e6 28.
Qxc6 Qe7 29. h6+ Kg8 30. Qb5 Qf8 31. Nce4 0-1

[Event "N�_LL 2007_08"]
[Site "CSCG"]
[Date "2007.12.16"]
[Round "7"]
[White "J�nger, Heinz"]
[Black "Sadilek, Maximilian"]
[Result "1/2-1/2"]
[WhiteElo "2027"]
[BlackElo "2107"]
[Annotator "Stockerau : St.P�lten"]
[PlyCount "83"]
[EventDate "2007.??.??"]

1. e4 Nc6 2. Nf3 e6 3. d4 d5 4. Nc3 Nge7 5. Bd3 g6 6. h4 Bg7 7. e5 f6 8. exf6
Bxf6 9. Bg5 O-O 10. Bxf6 Rxf6 11. h5 Qd6 12. hxg6 hxg6 13. Qd2 Qf4 14. Qxf4
Rxf4 15. Ne2 Rf6 16. c3 Bd7 17. Kd2 Kg7 18. Rh4 Rh8 19. Rf4 Rxf4 20. Nxf4 Kf6
21. Bb5 g5 22. Bxc6 Nxc6 23. Nd3 b6 24. Re1 Be8 25. Nde5 Nxe5 26. Nxe5 Kf5 27.
Re3 g4 28. f3 g3 29. Ng4 Rh2 30. Re5+ Kf4 31. Re2 Bh5 32. Ne5 Rh1 33. Nd3+ Kf5
34. Re5+ Kf6 35. Nf4 Bf7 36. Re1 Rh4 37. Nd3 Rh2 38. Re2 Bh5 39. Nf4 Bf7 40.
Nd3 Ke7 41. Nf4 Kf6 42. Nd3 1/2-1/2

[Event "N�-LL 2007_08"]
[Site "?"]
[Date "2007.12.16"]
[Round "7"]
[White "Weiss, Christian"]
[Black "Hellmayr, Alois"]
[Result "1/2-1/2"]
[WhiteElo "2430"]
[BlackElo "2295"]
[Annotator "B�hlerwerk : P�chlarn"]
[PlyCount "44"]
[EventDate "2007.10.10"]
[SourceDate "2007.12.21"]

1. c4 c5 2. Nc3 Nc6 3. g3 g6 4. Bg2 Bg7 5. Nf3 d6 6. O-O e5 7. d3 Nge7 8. a3 a5
9. Ne1 Be6 10. Nc2 d5 11. cxd5 Nxd5 12. Ne3 Nde7 13. Nc4 O-O 14. Bg5 f6 15. Be3
b6 16. Rc1 Rb8 17. f4 f5 18. Nxe5 Nxe5 19. fxe5 Bxe5 20. Qd2 Nd5 21. Nxd5 Bxd5
22. Bxd5+ Qxd5 1/2-1/2

[Event "N�-LL 2007_08"]
[Site "?"]
[Date "2007.12.16"]
[Round "7"]
[White "Heimberger, Reinhard"]
[Black "Knoll, Hermann"]
[Result "1-0"]
[WhiteElo "2229"]
[BlackElo "2373"]
[Annotator "B�hlerwerk : P�chlarn"]
[PlyCount "79"]
[EventDate "2007.10.10"]
[SourceDate "2007.12.21"]

1. d4 Nf6 2. g3 d5 3. Bg2 e6 4. Nf3 Be7 5. O-O O-O 6. b3 c5 7. e3 Nc6 8. Bb2
Ne4 9. Nbd2 f5 10. Ne5 Bf6 11. Nxe4 fxe4 12. Nxc6 bxc6 13. Ba3 Ba6 14. c4 cxd4
15. Bxf8 Qxf8 16. exd4 Rd8 17. Rc1 Qb4 18. Bh3 Re8 19. Re1 Qb6 20. cxd5 cxd5
21. Rc5 Bd3 22. Qc1 Bxd4 23. Rc8 Bxf2+ 24. Kh1 Rxc8 25. Qxc8+ Kf7 26. Rc1 e3
27. Rc7+ Kg6 28. Rc6 Be4+ 29. Bg2 Bf5 30. Rxb6 axb6 31. Qe8+ Kf6 32. Qd8+ Ke5
33. Qxb6 g5 34. a4 h5 35. a5 h4 36. gxh4 gxh4 37. h3 Kf4 38. Qd4+ Be4 39. Bxe4
dxe4 40. Kg2 1-0

[Event "N�-LL 2007_08"]
[Site "?"]
[Date "2007.12.16"]
[Round "7"]
[White "Kranzl, Peter"]
[Black "Strobel, Ferdinand"]
[Result "1/2-1/2"]
[WhiteElo "2234"]
[BlackElo "2015"]
[Annotator "B�hlerwerk : P�chlarn"]
[PlyCount "34"]
[EventDate "2007.10.10"]
[SourceDate "2007.12.21"]

1. e4 e5 2. Nf3 f5 3. Nxe5 Qf6 4. d4 d6 5. Nc4 fxe4 6. Be2 d5 7. Ne3 Qf7 8. O-O
Nf6 9. c4 c6 10. f3 exf3 11. Rxf3 Be6 12. Nc3 Nbd7 13. cxd5 cxd5 14. Qa4 Bd6
15. Nf5 Bxf5 16. Rxf5 Qe6 17. Rf3 O-O 1/2-1/2

[Event "N�-LL 2007_08"]
[Site "?"]
[Date "2007.12.16"]
[Round "7"]
[White "Eberl, Hans-Christian"]
[Black "Loidl, Florian"]
[Result "1-0"]
[WhiteElo "2092"]
[BlackElo "2199"]
[Annotator "B�hlerwerk : P�chlarn"]
[PlyCount "85"]
[EventDate "2007.10.10"]
[SourceDate "2007.12.21"]

1. e4 e5 2. f4 exf4 3. Nf3 d6 4. d4 g5 5. h4 g4 6. Ng1 Bh6 7. Nc3 c6 8. Nge2
Qf6 9. g3 f3 10. Nf4 Qe7 11. Kf2 Nd7 12. Bd3 Nf8 13. Re1 Ne6 14. Nfd5 Qf8 15.
Ne3 Nxd4 16. Bc4 Bg7 17. e5 dxe5 18. Nxg4 Bxg4 19. Qxd4 Be6 20. Rxe5 Bxe5 21.
Qxe5 Nf6 22. Qxf6 Bxc4 23. Bg5 Be2 24. Nxe2 fxe2 25. Kxe2 h6 26. Qe5+ Kd7 27.
Rd1+ Kc8 28. Qf5+ Kc7 29. Qd7+ Kb6 30. Be3+ Ka6 31. Qd3+ b5 32. a4 Qb4 33.
axb5+ Qxb5 34. c4 Qa5 35. b4 Qa4 36. b5+ cxb5 37. cxb5+ Ka5 38. Bd2+ Kb6 39.
Be3+ Ka5 40. Bd2+ Kb6 41. Qd6+ Kb7 42. Qc6+ Kb8 43. Bf4+ 1-0

[Event "N�-LL 2007_08"]
[Site "?"]
[Date "2007.12.16"]
[Round "7"]
[White "Weinwurm, Wolfgang"]
[Black "Penz, Harald"]
[Result "0-1"]
[WhiteElo "2069"]
[BlackElo "2329"]
[Annotator "Mauerbach : Schwarzatal"]
[PlyCount "144"]
[EventDate "2007.10.10"]
[SourceDate "2007.12.29"]

1. e4 e5 2. d4 exd4 3. Qxd4 Nc6 4. Qe3 Nf6 5. Nc3 Bb4 6. Bd2 O-O 7. O-O-O Re8
8. f3 d5 9. Qf2 dxe4 10. Bg5 Bd7 11. Nge2 Ng4 12. Qh4 f6 13. Bf4 g5 14. Qg3
gxf4 15. Nxf4 Bxc3 16. bxc3 Qe7 17. Kb2 Nce5 18. h3 Bc6 19. fxe4 Bxe4 20. Bd3
Bxd3 21. cxd3 Rad8 22. hxg4 Rd6 23. Ka1 Ra6 24. Rd2 Rd8 25. d4 c5 26. Rhd1 cxd4
27. cxd4 Qb4 28. g5 Ng6 29. Nxg6 hxg6 30. Rf2 f5 31. Rb2 Qa4 32. Rh1 Qxd4 33.
Qb3+ Qd5 34. Rd1 Rxa2+ 35. Rxa2 Qxb3 36. Rxd8+ Kf7 37. Rad2 Qa3+ 38. Kb1 Qb4+
39. Kc1 Qf4 40. R8d7+ Ke6 41. Rxb7 Qxg5 42. Rxa7 Qe3 43. Ra6+ Kf7 44. Rad6 Kg7
45. Kc2 Kh6 46. R6d3 Qe4 47. Kd1 f4 48. Rd4 Qe3 49. Rd8 Kh5 50. Rh8+ Kg4 51.
Rhd8 g5 52. R8d5 Kh4 53. Rd8 Qg1+ 54. Kc2 g4 55. R8d4 Kg3 56. R4d3+ f3 57. gxf3
gxf3 58. Rc3 Kf4 59. Rc8 Qg7 60. Rc4+ Kg3 61. Rc3 Qg6+ 62. Kc1 Qg5 63. Kd1 Kg4
64. Rd4+ Kh5 65. Rcc4 Qg1+ 66. Kd2 Qf2+ 67. Kc1 Qe3+ 68. Kc2 f2 69. Rc5+ Kg6
70. Rc6+ Kf7 71. Rc7+ Ke6 72. Rc6+ Ke5 0-1

[Event "N�-LL 2007_08"]
[Site "?"]
[Date "2007.12.16"]
[Round "7"]
[White "Weissenbeck, Manuel"]
[Black "Degen, Gerhard"]
[Result "1-0"]
[WhiteElo "2238"]
[BlackElo "2095"]
[Annotator "Mauerbach : Schwarzatal"]
[PlyCount "126"]
[EventDate "2007.10.10"]
[SourceDate "2008.01.02"]

1. d4 Nf6 2. Nf3 e6 3. Bg5 h6 4. Bh4 d5 5. Nbd2 Be7 6. e3 O-O 7. Bd3 c5 8. c3
Nbd7 9. O-O Ne8 10. Bxe7 Qxe7 11. e4 cxd4 12. cxd4 dxe4 13. Nxe4 Nef6 14. Re1
Nxe4 15. Bxe4 Nf6 16. Bc2 Qb4 17. Re3 b6 18. a3 Qd6 19. Qd3 Bb7 20. Rd1 Qc6 21.
Ne1 Rac8 22. f3 Rfd8 23. Bb3 b5 24. Re5 Ba6 25. Nc2 Nd5 26. Nb4 Nxb4 27. axb4
Qd6 28. Rc5 Bb7 29. Qxb5 Ba6 30. Qa5 Rb8 31. b5 Qf4 32. Qa4 Qe3+ 33. Kh1 Bb7
34. Rc3 Qf4 35. Qxa7 Bd5 36. Bxd5 Rxd5 37. b6 Rb5 38. Qc7 Qxc7 39. bxc7 Rc8 40.
Rd2 Kf8 41. Rc5 Rb7 42. Rdc2 Ke7 43. Kg1 Kd6 44. Kf2 f6 45. Ke3 Rb3+ 46. Kd2 g5
47. R5c3 Rb4 48. Kd3 h5 49. h3 Kd7 50. g3 Rb6 51. h4 gxh4 52. gxh4 Kd6 53. Rc1
Kd7 54. Rg1 Kd6 55. Rg7 Rb4 56. Rf7 f5 57. Rh7 e5 58. dxe5+ Kxe5 59. Rxh5 Rd4+
60. Ke3 Rb4 61. f4+ Rxf4 62. Rc5+ Kd6 63. Kxf4 Kxc5 1-0

[Event "N�-LL 2007_08"]
[Site "?"]
[Date "2007.12.16"]
[Round "7"]
[White "Braun, Karl-Heinz"]
[Black "Ponjican, Erich"]
[Result "0-1"]
[WhiteElo "2036"]
[BlackElo "2160"]
[Annotator "Mauerbach : Schwarzatal"]
[PlyCount "132"]
[EventDate "2007.10.10"]
[SourceDate "2008.01.02"]

1. e4 Nf6 2. e5 Nd5 3. g3 d6 4. exd6 cxd6 5. Bg2 Nf6 6. c3 e5 7. Ne2 Nc6 8. O-O
Bg4 9. f3 Bf5 10. d4 Qb6 11. Kh1 Be7 12. Na3 O-O 13. Nc4 Qa6 14. b3 Rfe8 15.
Bg5 Rad8 16. Re1 h6 17. Ne3 Bg6 18. Bxf6 Bxf6 19. Nd5 Qa5 20. Nxf6+ gxf6 21.
Qd2 Kg7 22. Rad1 h5 23. d5 Ne7 24. c4 Qa3 25. Rc1 Rc8 26. Nc3 a6 27. Bh3 f5 28.
Na4 Rc7 29. c5 Rd8 30. Rcd1 f6 31. Qa5 Rcd7 32. cxd6 Rxd6 33. Qc7 R8d7 34. Qb8
Rxd5 35. Rxd5 Rxd5 36. Qxb7 Rd2 37. Bf1 Bf7 38. Nc3 Qb2 39. Ne2 Nd5 40. Qa7
Qxa2 41. Nc1 Rxh2+ 42. Kg1 Qd2 43. Re2 Rxe2 44. Nxe2 a5 45. Qc5 Ne3 46. Qc1
Nxf1 47. Kxf1 Qd3 48. Qc7 Qxf3+ 49. Ke1 Qd5 50. Kf2 Kg6 51. Qc3 Be8 52. Ng1
Qd4+ 53. Qxd4 exd4 54. Nf3 d3 55. Ke3 Bc6 56. Nd2 Kg5 57. Nc4 a4 58. bxa4 Bxa4
59. Nd2 Kg4 60. Nf1 Bb5 61. Kf2 f4 62. gxf4 Kxf4 63. Nd2 Bc6 64. Nf1 h4 65. Nd2
h3 66. Nf1 d2 0-1

[Event "N�-LL 2007_08"]
[Site "?"]
[Date "2007.12.16"]
[Round "7"]
[White "Thoma, Wilhelm"]
[Black "Matevosyan, Andy"]
[Result "1/2-1/2"]
[WhiteElo "2090"]
[BlackElo "2010"]
[Annotator "Mauerbach : Schwarzatal"]
[PlyCount "84"]
[EventDate "2007.10.10"]
[SourceDate "2008.01.02"]

1. d4 Nf6 2. Nf3 b6 3. g3 Bb7 4. Bg2 e6 5. O-O d5 6. c4 Be7 7. Nc3 O-O 8. cxd5
exd5 9. Qc2 Nbd7 10. Rd1 Rc8 11. Nb5 c5 12. Nxa7 Ra8 13. Nb5 Ra5 14. a4 Bc6 15.
Bd2 Ra6 16. Bf4 Ra5 17. b4 Ra8 18. dxc5 Bxb5 19. axb5 Rxa1 20. Rxa1 bxc5 21.
bxc5 Bxc5 22. Ra6 Ne4 23. e3 Nb8 24. Ra1 Qb6 25. Rd1 Nd7 26. Rxd5 Nef6 27. Rd1
Qxb5 28. Bh3 Nb6 29. Rb1 Qa5 30. Ne5 Nbd5 31. Nc6 Qa3 32. Be5 Nxe3 33. fxe3
Qxe3+ 34. Kg2 Nd5 35. Bf4 Nxf4+ 36. gxf4 Re8 37. Rf1 Bd6 38. Rf3 Qe1 39. Rf2
Bxf4 40. Bd7 Qe4+ 41. Qxe4 Rxe4 42. h3 Bg5 1/2-1/2

[Event "N�-LL 2007_08"]
[Site "?"]
[Date "2007.12.16"]
[Round "7"]
[White "Ebner, Johann"]
[Black "Hansen, Kay"]
[Result "0-1"]
[WhiteElo "2042"]
[BlackElo "2193"]
[Annotator "Niederabsdorf : Bisamberg/Korneuburg"]
[PlyCount "77"]
[EventDate "2007.??.??"]
[SourceDate "2007.12.16"]

1. d4 d5 2. c4 e6 3. Nc3 Be7 4. Nf3 Nf6 5. cxd5 exd5 6. Bg5 O-O 7. e3 c6 8. Qc2
a5 9. Bd3 Nbd7 10. O-O Re8 11. a3 Ne4 12. Bxe7 Qxe7 13. Rae1 Nf8 14. Nd2 Bf5
15. f3 Nxd2 16. Qxd2 Bxd3 17. Qxd3 Ne6 18. e4 dxe4 19. fxe4 Rad8 20. d5 Nc7 21.
Rd1 Rd6 22. Qg3 cxd5 23. exd5 Qe5 24. Qf2 Qe3 25. Qxe3 Rxe3 26. Rf4 Kf8 27. Rc4
Re7 28. Rc5 b6 29. Rc6 Red7 30. Rxd6 Rxd6 31. Kf2 Ke7 32. Ke3 Rg6 33. Rd2 Ne8
34. Kd4 Nd6 35. b3 Rh6 36. Re2+ Kd7 37. Rd2 Rh4+ 38. Kd3 b5 39. Re2 {
(rest unleserlich)} 0-1

[Event "N�-LL2007_08"]
[Site "?"]
[Date "2007.12.16"]
[Round "7"]
[White "Wolfram, Kevin"]
[Black "Kretschy, Erich"]
[Result "1/2-1/2"]
[WhiteElo "2005"]
[BlackElo "2024"]
[Annotator "Niederabsdorf : Bisamberg/Korneuburg"]
[PlyCount "160"]
[EventDate "2007.??.??"]
[SourceDate "2007.12.16"]

1. e4 c6 2. d4 d5 3. Nd2 dxe4 4. Nxe4 Bf5 5. Ng3 Bg6 6. Nf3 Nd7 7. Bc4 Ngf6 8.
O-O e6 9. Re1 Be7 10. c3 O-O 11. Nh4 Nd5 12. Nxg6 hxg6 13. Bb3 N7f6 14. c4 Nb6
15. a3 Nbd7 16. Bf4 Re8 17. Qf3 Nf8 18. Rad1 Bd6 19. Be5 N8h7 20. h4 Qe7 21.
Ba4 Rad8 22. Bxd6 Rxd6 23. d5 b5 24. cxb5 cxd5 25. h5 gxh5 26. Nf5 Qd8 27. Nxd6
Qxd6 28. b6 Re7 29. bxa7 Rxa7 30. Bc2 g6 31. Qg3 Qxg3 32. fxg3 Ng5 33. Re3 Rc7
34. Bb1 Nfe4 35. Bxe4 Nxe4 36. b4 f5 37. Rb3 Kf7 38. b5 Ke7 39. b6 Rb7 40. a4
Nc5 41. Rb4 Kd6 42. a5 e5 43. Ra1 Na6 44. Rb2 d4 45. Rc1 e4 46. Rb5 d3 47. Kf2
d2 48. Rd1 Kc6 49. Rbb1 Rd7 50. Ke2 Rd3 51. Rxd2 Rxg3 52. Kf2 Ra3 53. b7 e3+
54. Ke2 exd2 55. Rb6+ Kc7 56. Rxa6 Kxb7 57. Rxg6 Rxa5 58. Kxd2 Kc7 59. Ke3 Kd7
60. Kf4 Ke7 61. Kg5 f4+ 62. Kxf4 Kf7 63. Rg5 Ra4+ 64. Kg3 h4+ 65. Kh3 Kf6 66.
Rg4 Ra1 67. Kxh4 Rh1+ 68. Kg3 Kf5 69. Rf4+ Kg5 70. Rb4 Ra1 71. Rb5+ Kg6 72. Kh4
Ra4+ 73. g4 Ra1 74. Rb6+ Kg7 75. Kh5 Rh1+ 76. Kg5 Ra1 77. Rb7+ Kg8 78. Kh5 Ra6
79. g5 Rc6 80. Rb8+ Kg7 1/2-1/2

[Event "N�-LL 2007_08"]
[Site "?"]
[Date "2007.12.16"]
[Round "7"]
[White "Teuber, Andreas"]
[Black "Sadilek, Peter"]
[Result "0-1"]
[WhiteElo "2156"]
[BlackElo "2110"]
[Annotator "Niederabsdorf : Bisamberg/Korneuburg"]
[PlyCount "64"]
[EventDate "2007.??.??"]
[SourceDate "2007.12.16"]

1. d4 Nf6 2. Nf3 e6 3. e3 b6 4. Bd3 Bb7 5. O-O Be7 6. b3 O-O 7. c4 c5 8. Bb2
cxd4 9. Nxd4 h6 10. Nc3 Qc7 11. Qc2 Nc6 12. Ne4 Ng4 13. Ng3 h5 14. Nxc6 Bxc6
15. Be2 Nxh2 16. Rfd1 Ng4 17. Bxg4 hxg4 18. Nh5 f5 19. Bxg7 Rf7 20. Qb2 Qb7 21.
Bf6 Bf8 22. f3 gxf3 23. Qf2 Bh6 24. Bg5 Bxg5 25. Qg3 Kh7 26. Qxg5 Raf8 27. Rd4
Be4 28. Qh4 Kg8 29. gxf3 Bxf3 30. Qg5+ Kh8 31. Rh4 Rh7 32. Qg7+ Rxg7+ 0-1

[Event "N�-LL 2007_08"]
[Site "?"]
[Date "2007.12.16"]
[Round "7"]
[White "Trkulja, Zoran"]
[Black "Kleiser, Gregor"]
[Result "0-1"]
[WhiteElo "2199"]
[BlackElo "2302"]
[Annotator "Niederabsdorf : Bisamberg/Korneuburg"]
[PlyCount "56"]
[EventDate "2007.??.??"]
[SourceDate "2007.12.16"]

1. e4 c5 2. Nf3 e6 3. d4 cxd4 4. Nxd4 a6 5. Bd3 d6 6. O-O Nf6 7. Kh1 Be7 8. f4
O-O 9. Nc3 Qc7 10. Qe1 b5 11. a3 Bb7 12. Qg3 Nc6 13. Nxc6 Bxc6 14. Bd2 d5 15.
exd5 Nxd5 16. Ne4 f5 17. Ng5 Rf6 18. Rae1 Qd6 19. Re2 Rh6 20. Nf3 Rg6 21. Qe1
Nxf4 22. Bxf4 Qxf4 23. Ne5 Qxe5 24. Rxe5 Bxg2+ 25. Kg1 Bd5+ 26. Qg3 Bc5+ 27.
Rf2 Rxg3+ 28. hxg3 Kf7 0-1

[Event "N�-LL 2007_08"]
[Site "?"]
[Date "2007.11.25"]
[Round "6"]
[White "Vykydal, Frantisek"]
[Black "Denk, Adolf"]
[Result "1-0"]
[WhiteElo "2240"]
[BlackElo "2259"]
[Annotator "St.P�lten :Zwettl"]
[PlyCount "53"]
[EventDate "2007.10.10"]
[SourceDate "2008.01.03"]

1. e4 c5 2. Nc3 Nc6 3. g3 g6 4. Bg2 Bg7 5. d3 e6 6. Be3 b6 7. Nge2 Bb7 8. O-O
Nge7 9. Qd2 h6 10. d4 cxd4 11. Nxd4 a6 12. Rad1 Ne5 13. Qe2 Rc8 14. Bc1 O-O 15.
f4 N5c6 16. Be3 Qc7 17. Nxc6 dxc6 18. Bd4 Bxd4+ 19. Rxd4 e5 20. fxe5 Qxe5 21.
Rd7 Rb8 22. Qe3 Bc8 23. Ra7 g5 24. Na4 c5 25. Qc3 Qxc3 26. Nxc3 Nc6 27. Rc7 {
Rest nicht lesbar} 1-0

[Event "N�-LL 2007_08"]
[Site "?"]
[Date "2007.11.25"]
[Round "6"]
[White "Wagner, Stefan"]
[Black "R�hrl, Karl"]
[Result "1/2-1/2"]
[WhiteElo "2126"]
[BlackElo "2221"]
[Annotator "St.P�lten :Zwettl"]
[PlyCount "83"]
[EventDate "2007.10.10"]
[SourceDate "2008.01.03"]

1. e4 c5 2. Nf3 d6 3. d4 cxd4 4. Nxd4 Nf6 5. Nc3 Nc6 6. Bg5 e6 7. Qd2 Be7 8.
O-O-O O-O 9. f3 Nxd4 10. Qxd4 Qa5 11. Be3 Bd7 12. g4 Bc6 13. g5 Nd7 14. h4 b5
15. Kb1 b4 16. Ne2 d5 17. Bg2 Bc5 18. Qd2 Bxe3 19. Qxe3 dxe4 20. fxe4 Qc5 21.
Qh3 Rad8 22. Nf4 Bb5 23. g6 hxg6 24. h5 g5 25. Ng6 Rfe8 26. Bf1 Ne5 27. Rxd8
Rxd8 28. Bxb5 Qxb5 29. Nxe5 Qxe5 30. h6 gxh6 31. Qxh6 Qg7 32. Qh5 Kf8 33. Rg1
Qd4 34. Qxg5 Qd1+ 35. Qc1 Qxc1+ 36. Kxc1 Rd4 37. Re1 f6 38. c3 bxc3 39. bxc3
Ra4 40. Kb2 Ke7 41. Kb3 Ra5 42. Rd1 1/2-1/2

[Event "N�-LL 2007_08"]
[Site "?"]
[Date "2007.11.25"]
[Round "6"]
[White "Wallner, Erich"]
[Black "Stadler, Peter"]
[Result "1/2-1/2"]
[WhiteElo "2192"]
[BlackElo "2109"]
[Annotator "St.P�lten :Zwettl"]
[PlyCount "53"]
[EventDate "2007.10.10"]
[SourceDate "2008.01.03"]

1. d4 g6 2. e4 c6 3. Nf3 d6 4. Bc4 Nf6 5. Qe2 Bg7 6. O-O O-O 7. Rd1 Nxe4 8.
Bxf7+ Rxf7 9. Qxe4 Bf5 10. Qe2 Bg4 11. Rd3 Bxf3 12. Rxf3 Rxf3 13. Qxf3 Bxd4 14.
Qb3+ Kg7 15. Qxb7 Nd7 16. Qxc6 Ne5 17. Qe4 Qb6 18. Nd2 Rf8 19. Nf3 Nxf3+ 20.
gxf3 e5 21. Be3 Qxb2 22. Bxd4 Qxd4 23. Qxd4 exd4 24. Rd1 Rxf3 25. Rxd4 Ra3 26.
Rxd6 Rxa2 27. Rd2 1/2-1/2

[Event "N�-LL 2007_08"]
[Site "?"]
[Date "2007.12.16"]
[Round "7"]
[White "Volkmann, Friedrich"]
[Black "Vykydal, Frantisek"]
[Result "1-0"]
[WhiteElo "2416"]
[BlackElo "2240"]
[Annotator "Zwettl : Wr.Neustadt"]
[PlyCount "45"]
[EventDate "2007.10.10"]
[SourceDate "2008.01.04"]

1. e4 Nf6 2. e5 Nd5 3. d4 d6 4. Nf3 Bg4 5. Be2 c6 6. O-O Bxf3 7. Bxf3 dxe5 8.
dxe5 e6 9. Nd2 Nd7 10. Re1 Qc7 11. Nc4 N7b6 12. Nd6+ Bxd6 13. exd6 Qxd6 14. b3
O-O-O 15. c4 Nb4 16. Qxd6 Rxd6 17. Ba3 c5 18. Bxb4 cxb4 19. c5 Rd2 20. cxb6
axb6 21. Rac1+ Kb8 22. Red1 Rhd8 23. Kf1 1-0

[Event "N�-LL 2007_08"]
[Site "?"]
[Date "2007.12.16"]
[Round "7"]
[White "Wagner, Stefan"]
[Black "Schroll, Gerhard"]
[Result "1/2-1/2"]
[WhiteElo "2126"]
[BlackElo "2386"]
[Annotator "Zwettl : Wr.Neustadt"]
[PlyCount "64"]
[EventDate "2007.10.10"]
[SourceDate "2008.01.04"]

1. e4 e6 2. d4 c5 3. Nf3 cxd4 4. Nxd4 a6 5. Bd3 Bc5 6. Nb3 Ba7 7. O-O Ne7 8. c4
Nbc6 9. Nc3 O-O 10. Bg5 d6 11. Kh1 e5 12. Rc1 f6 13. Bd2 Be6 14. Nd5 Rc8 15.
Qe1 Nd4 16. Ba5 Qd7 17. Nxd4 Bxd4 18. Nb6 Bxb6 19. Bxb6 Ng6 20. b3 Nf4 21. Qe3
Qc6 22. Bb1 f5 23. f3 Rf6 24. g3 Ng6 25. exf5 Bxf5 26. Be4 Bxe4 27. fxe4 Rcf8
28. Rxf6 Rxf6 29. Ba5 Nh8 30. Kg2 Nf7 31. Bd2 h6 32. Qd3 Qc8 1/2-1/2

[Event "N�-LL 2007_08"]
[Site "?"]
[Date "2007.12.16"]
[Round "7"]
[White "Steiner, Bruno"]
[Black "Mlynek, Petr"]
[Result "1-0"]
[WhiteElo "2220"]
[BlackElo "2188"]
[Annotator "Zwettl : Wr.Neustadt"]
[PlyCount "99"]
[EventDate "2007.10.10"]
[SourceDate "2008.01.04"]

1. d4 d5 2. Bf4 Nf6 3. e3 c5 4. dxc5 e6 5. b4 Bd7 6. c3 a5 7. Nd2 axb4 8. cxb4
b6 9. cxb6 Bxb4 10. Bc7 Qc8 11. Rb1 Nc6 12. Ngf3 Rxa2 13. Bb5 O-O 14. O-O Bxd2
15. Nxd2 Qb7 16. Ra1 Rfa8 17. Rxa2 Rxa2 18. Nb3 Ne4 19. Qc1 Ne5 20. Nc5 Nxc5
21. Qxc5 Ra5 22. Qe7 Qc8 23. Bxe5 Rxb5 24. Bc7 h6 25. h4 Bc6 26. Rc1 Qd7 27.
Qa3 d4 28. exd4 Qd5 29. Qg3 Bb7 30. Be5 f6 31. Bxf6 Qxg2+ 32. Qxg2 Bxg2 33. Bd8
Bd5 34. Kh2 Kf7 35. Kg3 Rb3+ 36. Kf4 Rf3+ 37. Ke5 Rxf2 38. Rc7+ Kg6 39. Re7 Rb2
40. Rxe6+ Bxe6 41. Kxe6 Kh7 42. d5 g5 43. hxg5 hxg5 44. d6 g4 45. d7 Re2+ 46.
Kf5 g3 47. Bc7 Rd2 48. b7 g2 49. b8=Q Rd5+ 50. Be5 1-0

[Event "N�-LL 2007_08"]
[Site "?"]
[Date "2007.12.16"]
[Round "7"]
[White "Rumpl, Erwin"]
[Black "Kummer, Helmut"]
[Result "1/2-1/2"]
[WhiteElo "2286"]
[BlackElo "2324"]
[Annotator "Bad V�slau/Kottingbrunn :Amstetten"]
[PlyCount "77"]
[EventDate "2007.10.10"]
[SourceDate "2008.01.09"]

1. d4 Nf6 2. Nf3 e6 3. e3 c5 4. Bd3 Nc6 5. O-O b6 6. a3 Bb7 7. c3 d5 8. b4 Bd6
9. Nbd2 cxd4 10. cxd4 O-O 11. Bb2 Qe7 12. Ne5 Rac8 13. f4 Bb8 14. Ng4 Nxg4 15.
Qxg4 f5 16. Qh5 g6 17. Qe2 Nd8 18. Nf3 Nf7 19. Ne5 Nd6 20. Rfc1 Ne4 21. Qe1 Bd6
22. Rxc8 Rxc8 23. Rc1 Rc7 24. Rxc7 Qxc7 25. Qc1 Kf8 26. Qxc7 Bxc7 27. Kf1 Ke7
28. Ke2 a6 29. h3 Nf6 30. Kf3 Ne4 31. g4 Nd6 32. g5 Ne4 33. Bc1 Bxe5 34. fxe5
Bc6 35. Bc2 a5 36. h4 axb4 37. axb4 Kd7 38. Ke2 Kc7 39. Kd3 {Rest nicht lesbar}
1/2-1/2

[Event "N�-LL 2007_08"]
[Site "?"]
[Date "2007.12.16"]
[Round "7"]
[White "Brehovsky, Paul"]
[Black "Wadsack, Wolfgang"]
[Result "1/2-1/2"]
[WhiteElo "2100"]
[BlackElo "2210"]
[Annotator "Bad V�slau/Kottingbrunn :Amstetten"]
[PlyCount "28"]
[EventDate "2007.10.10"]
[SourceDate "2008.01.09"]

1. d4 d5 2. c4 dxc4 3. Nf3 Nf6 4. e3 Bg4 5. Bxc4 e6 6. O-O a6 7. Nc3 Nc6 8. b3
Bd6 9. Bb2 O-O 10. Re1 e5 11. d5 Ne7 12. e4 b5 13. Bd3 Nd7 14. h3 Bxf3 1/2-1/2

[Event "N�-LL 2007_08"]
[Site "?"]
[Date "2007.12.16"]
[Round "7"]
[White "Gugler, Edgar"]
[Black "Zojer, Thomas"]
[Result "1/2-1/2"]
[WhiteElo "2144"]
[BlackElo "2114"]
[Annotator "Bad V�slau/Kottingbrunn :Amstetten"]
[PlyCount "24"]
[EventDate "2007.10.10"]
[SourceDate "2008.01.09"]

1. d4 f5 2. Nf3 Nf6 3. g3 g6 4. Bg2 Bg7 5. O-O O-O 6. b3 d6 7. Bb2 c6 8. Nbd2
Na6 9. c4 Bd7 10. Qc2 Rb8 11. a3 c5 12. e3 Qe8 1/2-1/2

[Event "N�-LL 2007_08"]
[Site "?"]
[Date "2007.12.16"]
[Round "7"]
[White "Lampl, Gerald"]
[Black "Bachmayer, Josef"]
[Result "0-1"]
[WhiteElo "2094"]
[BlackElo "2084"]
[Annotator "Bad V�slau/Kottingbrunn :Amstetten"]
[PlyCount "138"]
[EventDate "2007.10.10"]
[SourceDate "2008.01.09"]

1. d4 f5 2. c4 Nf6 3. Nc3 g6 4. g3 Bg7 5. Bg2 O-O 6. Nh3 d6 7. Nf4 c6 8. d5 e5
9. dxe6 Qe7 10. O-O Na6 11. Be3 Nc7 12. Qd3 Nxe6 13. Rad1 Rd8 14. Rd2 Ng4 15.
b3 Nxe3 16. Qxe3 Re8 17. Nxe6 Bxe6 18. Rfd1 Bxc4 19. Qxe7 Rxe7 20. bxc4 Bxc3
21. Rd3 Bb4 22. Kf1 a5 23. Rb1 Ra7 24. Bf3 Kg7 25. e3 Kf6 26. Ke2 Bc5 27. a4
Ra8 28. Rdb3 Bb4 29. h4 h6 30. Rh1 Rd8 31. Rd3 Re5 32. Rhd1 Ke7 33. Rb3 Kd7 34.
Rd4 Kc7 35. Rd1 Kb6 36. Rd4 Kc5 37. Rb1 Re6 38. Kd3 Kb6 39. Ke2 Kc5 40. Kd3 Rh8
41. Rh1 Rf8 42. Bg2 Ref6 43. Bf3 Kb6 44. Ke2 Re8 45. Rb1 Re5 46. Rg1 g5 47.
hxg5 hxg5 48. Bg2 Bc5 49. Rd3 Rh6 50. Rh1 Rxh1 51. Bxh1 f4 52. gxf4 gxf4 53. e4
Rh5 54. Rd1 Rh2 55. Rf1 Bxf2 56. Rxf2 Rxh1 57. Rxf4 Rh3 58. Kd2 Kc5 59. Rf5+
Kxc4 60. Rxa5 Ra3 61. Ra7 b6 62. Ra6 Kc5 63. Kc2 Re3 64. a5 b5 65. Ra8 Rxe4 66.
a6 Kb6 67. a7 Rc4+ 68. Kb3 d5 69. Kb2 Kb7 0-1

[Event "N�-LL 2007_08"]
[Site "?"]
[Date "2007.12.16"]
[Round "7"]
[White "Piza, Vlastimil"]
[Black "Mahdy, Khaled"]
[Result "1/2-1/2"]
[WhiteElo "2273"]
[BlackElo "2396"]
[Annotator "Krems : Waidhofen"]
[PlyCount "36"]
[EventDate "2007.10.10"]
[SourceDate "2008.01.09"]

1. d4 Nf6 2. c4 Nc6 3. Nf3 e6 4. Nc3 d5 5. Bg5 Be7 6. e3 O-O 7. Rc1 a6 8. cxd5
Nxd5 9. Bxe7 Qxe7 10. Nxd5 exd5 11. a3 Bg4 12. Be2 Na7 13. O-O Nb5 14. Re1 c6
15. Ne5 Bxe2 16. Rxe2 Rfe8 17. Rec2 Rad8 18. Qd2 f6 1/2-1/2